Real Madrid 2011-2012 team - Statistics

General Stats
  • This quiz has been taken 2,234 times
  • The average score is 15 of 25
Answer Stats
Hint Answer % Correct
ST/LW Cristiano Ronaldo
98%
GK Iker Casillas
96%
CB/RB Sergio Ramos
94%
ST Karim Benzema
92%
LB Marcelo
89%
CB Pepe
87%
CAM Mesut Ozil
80%
CDM Xabi Alonso
77%
ST Gonzalo Higuain
76%
RM/RW Angel Di Maria
75%
RB Alvaro Arbeloa
71%
CDM Sami Khedira
69%
LB Fabio Coentrao
68%
CAM Ricardo Kaka
62%
MGR Jose Mourinho
61%
CB Raphael Varane
59%
CB Ricardo Carvalho
46%
CB Raul Albiol
45%
GK Antonio Adan
41%
ST Jose Callejon
39%
CDM Lassana Diarra
38%
CM Nuri Sahin
24%
CM Esteban Granero
23%
RM Hamit Altintop
17%
GK Thomas
4%
No matching quizzes found
Score Distribution
Percent of People with Each Score
Percentile by Number Answered
Your Score History
You have not taken this quiz